Statistics for 2013 NASCAR Sprint Cup Series Drivers

Click here to take the quiz!

General Stats

  • This quiz has been taken 60 times
  • The average score is 26 of 39

Answer Stats

Team#Driver% Correct
Joe Gibbs Racing11Denny Hamlin
95%
Joe Gibbs Racing18Kyle Busch
95%
Hendrick Motorsports48Jimmie Johnson
93%
Stewart-Haas Racing14Tony Stewart
90%
Team Penske2Brad Keselowski
88%
Hendrick Motorsports88Dale Earnhardt Jr
88%
Team Penske22Joey Logano
88%
Furniture Row Racing78Kurt Busch
88%
Hendrick Motorspoets24Jeff Gordon
86%
Roush Fenway Racing99Carl Edwards
83%
Chip Ganassi Racing1Jamie McMurray
83%
Richard Childress Racing29Kevin Harvick
83%
Stewart-Haas Racing10Danica Patrick
81%
Hendrick Motorsports5Kasey Kahne
81%
Joe Gibbs Racing20Matt Kenseth
81%
Michael Waltrip Racing15Clint Bowyer
79%
Michael Waltrip Racing56Martin Truex Jr
76%
Stewart-Haas Racing39Ryan Newman
76%
Richard Petty Motorsports43Aric Almirola
74%
Roush Fenway Racing16Greg Biffle
74%
Chip Ganassi Racing42Juan Pablo Montoya
71%
Richard Petty Motorsports9Marcos Ambrose
69%
Richard Childress Racing27Paul Menard
67%
Roush Fenway Racing17Ricky Stenhouse Jr
67%
Germain Racing13Casey Mears
64%
Michael Waltrip Racing55*Mark Martin
64%
Front Row Motorsports38David Gilliland
62%
Richard Childress Racing31Jeff Burton
62%
Michael Waltrip Racing55*Brian Vickers
60%
Wood Brothers Racing21*Trevor Bayne
57%
Front Row Motorsports34David Ragan
52%
JTG Daugherty Racing47Bobby Labonte
50%
Tommy Baldwin Racing7Dave Blaney
43%
BK Racing83David Reutimann
38%
Front Row Motorsports35Josh Wise
33%
BK Racing93Travis Kvapil
33%
Leavine Family Racing95Scott Speed
29%
Circle Sport Racing33*Landon Cassill
26%
Go Green Racing32*Timmy Hill
12%

Score Distribution

Percentile by Number Answered

Percent of People with Each Score

Your Score History

You have not taken this quiz